Cryptography and network security (Record no. 17868)

MARC details
000 -LEADER
fixed length control field 00493nam a2200181Ia 4500
008 - FIXED-LENGTH DATA ELEMENTS--GENERAL INFORMATION
fixed length control field 230917s9999||||xx |||||||||||||| ||und||
020 ## - ISBN
Price RS585
040 ## - CATALOGING SOURCE
-- 231494
Original cataloging agency VIVEKANANDA LIBRARY
041 ## - Language
-- English
082 ## - DDC NUMBER
Classification number 005.8 K12C(3)
100 ## - MAIN ENTRY--PERSONAL NAME
Personal name Kahate, Atul
245 #0 - TITLE STATEMENT
Title Cryptography and network security
250 ## - EDITION STATEMENT
Edition statement 3rd ed.
260 ## - PUBLICATION, DISTRIBUTION, ETC. (IMPRINT)
Place of publication, distribution, etc New Delhi
Name of publisher, distributor, etc McGraw Hill Education (India)
Date of publication, distribution, etc 2014
300 ## - PHYSICAL DESCRIPTION
Pages xxii, 501 p.
500 ## - GENERAL NOTE
General note 2269 01/02/2016 HBD15/1721 01/03/2016 Main Budget
942 ## - ADDED ENTRY ELEMENTS (KOHA)
Koha item type Books
Holdings
Withdrawn status Lost status Damaged status Not for loan Location (home branch) Sublocation or collection (holding branch) Date acquired Koha issues (times borrowed) Koha full call number Accession No. Koha date last seen Koha item type
        VIVEKANANDA LIBRARY VIVEKANANDA LIBRARY 20/03/2016 1 005.8 K12C(3) 352347 07/01/2025 Books
        VIVEKANANDA LIBRARY VIVEKANANDA LIBRARY 20/03/2016 1 005.8 K12C(3) 352348 23/12/2024 Books
© Designed and Maintained by Vivekananda Library, MDU Rohtak